[Event "BIH-chT (Women)"]
[Site "Sarajevo"]
[Date "2023.11.02"]
[Round "4.3"]
[White "Tutic, Amina"]
[Black "Aziraj, Nermina"]
[Result "0-1"]
[WhiteElo "1403"]
[BlackElo "1916"]
[PlyCount "62"]
[EventDate "2023.10.31"]
[EventType "team-tourn"]
[EventRounds "5"]
[EventCountry "BIH"]
[SourceTitle "Mega2024 Update 01"]
[Source "Chessbase"]
[SourceDate "2023.11.12"]
[SourceVersion "1"]
[SourceVersionDate "2023.11.12"]
[SourceQuality "1"]
[WhiteTeam "Zenica Preporod (W)"]
[BlackTeam "Busovaca Hrasno (W)"]
[WhiteTeamCountry "BIH"]
[BlackTeamCountry "BIH"]

1. e4 c5 2. Nf3 e6 3. d4 cxd4 4. Nxd4 Nf6 5. Nc3 Bb4 6. Bd3 Nc6 7. Nxc6 bxc6 8. Bd2 e5 9. 0-0 0-0 10. a3 Be7 11. b4 d5 12. f4 dxe4 13. Nxe4 Nxe4 14. Bxe4 Qd4+ 15. Kh1 Qxe4 16. fxe5 Qxe5 17. Qf3 Bd6 18. Bf4 Qxf4 19. Qxf4 Bxf4 20. Rxf4 Be6 21. h3 Rfd8 22. c3 Rd2 23. Rd4 Rd8 24. Rxd8+ Rxd8 25. Re1 Kf8 26. Re5 Rd5 27. Re4 Rd1+ 28. Kh2 Ra1 29. Re5 Rxa3 30. Rc5 Bd7 31. c4 a6 0-1

[Event "Sarajevo Bosna op 49th"]
[Site "Sarajevo"]
[Date "2019.04.28"]
[Round "3"]
[White "Zaloznik, Vesna"]
[Black "Tutic, Amina"]
[Result "1-0"]
[WhiteElo "1556"]
[BlackElo "1429"]
[PlyCount "43"]
[EventDate "2019.04.27"]
[EventType "swiss"]
[EventRounds "9"]
[EventCountry "BIH"]
[SourceTitle "CBM 190 Extra"]
[Source "ChessBase"]
[SourceDate "2019.07.15"]
[SourceVersion "1"]
[SourceVersionDate "2019.07.15"]
[SourceQuality "1"]

1. e4 c5 2. Nc3 Nc6 3. f4 e6 4. Nf3 g6 5. Bb5 Qc7 6. d3 a6 7. Bxc6 Qxc6 8. 0-0 Nf6 9. Qe1 Bg7 10. f5 0-0 11. e5 Nd5 12. f6 Bh8 13. Bh6 Rd8 14. Ne4 d6 15. Nxd6 Rxd6 16. exd6 Bxf6 17. c4 Nb4 18. Ne5 Qxd6 19. Rxf6 Qd4+ 20. Kh1 Nc2 21. Rxf7 Nxe1 22. Rf8# 1-0

[Event "Sarajevo Bosna op 48th"]
[Site "Sarajevo"]
[Date "2018.05.09"]
[Round "7"]
[White "Tutic, Amina"]
[Black "Gazija, Tarik"]
[Result "1-0"]
[WhiteElo "1439"]
[BlackElo "1528"]
[PlyCount "39"]
[EventDate "2018.05.05"]
[EventType "swiss"]
[EventRounds "9"]
[EventCountry "BIH"]
[SourceTitle "CBM 184 Extra"]
[Source "ChessBase"]
[SourceDate "2018.06.28"]
[SourceVersion "1"]
[SourceVersionDate "2018.06.28"]
[SourceQuality "1"]

1. e4 c5 2. Nf3 d6 3. c4 e5 4. d3 Nf6 5. h3 g6 6. g4 Bg7 7. Bg2 Nc6 8. Nc3 0-0 9. Be3 Be6 10. Qd2 Qe7 11. Bh6 Qd7 12. Bxg7 Kxg7 13. g5 Nh5 14. Nd5 Nd4 15. Nxd4 cxd4 16. Bf3 Bxh3 17. Bxh5 gxh5 18. Nf6 Qe6 19. Nxh5+ Kg6 20. f4 1-0

[Event "Sarajevo Bosna op 47th"]
[Site "Sarajevo"]
[Date "2017.05.15"]
[Round "4"]
[White "Rakita, Jandrija"]
[Black "Tutic, Amina"]
[Result "0-1"]
[WhiteElo "1680"]
[BlackElo "1431"]
[PlyCount "40"]
[EventDate "2017.05.13"]
[EventType "swiss"]
[EventRounds "9"]
[EventCountry "BIH"]
[SourceTitle "CBM 178 Extra"]
[Source "ChessBase"]
[SourceDate "2017.06.22"]
[SourceVersion "1"]
[SourceVersionDate "2017.06.22"]
[SourceQuality "1"]

1. e4 c5 2. Bc4 e6 3. Nc3 Nf6 4. d4 cxd4 5. Qxd4 Nc6 6. Qd1 Bb4 7. Bg5 h6 8. Bxf6 Qxf6 9. Nge2 Qg6 10. 0-0 a6 11. a4 b6 12. Bd3 Bb7 13. Ng3 Ne5 14. f4 Bc5+ 15. Kh1 Ng4 16. Qe2 h5 17. e5 f5 18. exf6 Qxf6 19. Be4 Qh4 20. Nxh5 Qxh2# 0-1